000 00303nam a2200121Ia 4500
008 240731s9999 xx 000 0 und d
022 _a1891-814X
245 0 _aNordic Journal of Human Rights
260 _bRoutledge
856 _uhttps://www.tandfonline.com/loi/rnhr20
942 _2ddc
942 _cTFEJ
999 _c78738
_d78738
945 _a1
_bMadushi Gamage
_c1
_dMadushi Gamage